000
00294pab a2200121 454500
008
180718b xxu||||| |||| 00| 0 eng d
100
_a
Majumder, S.
245
_a
Why India has failed in Japanese market
650
_a
Japan
650
_a
Management
773
_a
Financial Express
909
_a
22703
999
_c
22703
_d
22703